METABOLIZM - Statystyki

Ogólne statystyki
  • Ten quiz został rozwiązany 13 razy
  • Średni wynik to 25 z 96
Statystyki odpowiedzi
Hint Odpowiedź % Poprawnych
miejsce laczeniaenzymu z substratem centrum aktywne
100%
przecwiutleniacze = antyoksydanty
60%
ATP
60%
substraty fazy ciemnej ATP
60%
ATP
60%
na jaki chlorofil prze-kazywana jest energia chlorofil a
60%
NAD+
60%
substraty NAD+
60%
którym jest NADP+
60%
*uboczny tlen
60%
tlen
60%
ostateczny akceptor elektronów tlen
60%
+pierwotny... akceptor elektronów
50%
i przekazane na pier-wotny akceptor elektronów
50%
który redukuje się do NADPH + H+
50%
NADPH + H+
50%
NADPH + H+
50%
faza druga redukcja
50%
dolaczanie -II- redukcja
50%
PGA ... się do PGAL redukuje
50%
a NAD+ się... redukuje
50%
faza trzecia regeneracja
50%
ADP
40%
CO2
40%
CO2
40%
ETAP 1 glikoliza
40%
glukoza w pirogronian glikoliza
40%
faza pierwsza karboksylacja
40%
co powstaje w tej reakcji PGA
40%
katalizuje przylaczenieco2 do akceptora RuBP RuBisCO
40%
są ... do substratu orazdo reakcji swoiste
40%
akceptor acetyloCoA szczawiooctan
40%
chlorofile
30%
ETAP 3 cykl Krebsa
30%
miejsce zachodzenia cytozol
30%
beztlenowe uzyskanie energii gdzie akceptorem zwiazek organiczny fermentacja
30%
co odbywa się tylko naPS 2 fotoliza wody
30%
glikogen w glukoze glikogenoliza
30%
karotenoidy
30%
ETAP 4 łańcuch oddechowy
30%
w którym pierwotnym akceptorem jest PEP
30%
CO2 przyłącza się do... PEP
30%
warstwa zewnetrzna tylakoidu stroma
30%
pirogronian się... utlenia
30%
woda
30%
zysk 2 ATP
20%
*czyli aldehyd 3fosfoglicerynowy
20%
co sklada sie na fotosystem barwniki antenowe
20%
proces jaki przeprowadzasyntaza ATP fosforylacja
20%
glukoza w glikogen glikogenogeneza
20%
pirogronian w glukoze glukoneogeneza
20%
substraty glukoza
20%
CO2 odłącza się od... jabłczanu
20%
miejsce zachodzenia matrix
20%
miejsce zachodzenia matrix
20%
produkty fazy ciemnej PGAL
20%
odlaczanie elektronu i protonu utlenianie
20%
Elektrony są... wybijane
20%
zysk 28 ATP
10%
produkty acetyloCoA
10%
szczawiooctan + acetyloCoA = cytrynian
10%
procesy jakie zachodzą dekarboksylacja
10%
szlaki poprzedzajace CyklCalvina u roślin C4 inny miękisz asymilacyjny
10%
koenzym A
10%
produkty kwas pirogronowy
10%
kwas pirogronowy
10%
*ZREDUKOWANA formaprzenośników NADH + H+
10%
NADH + H+
10%
rośliny typu CAM otwierająaparaty szparkowe... nocą
10%
-II- nieorganiczny lub pierwiastek oddychanie beztlenowe
10%
pochwa okołowiązkowa
10%
mechanizm ... wiązania... podwójnego CO2
10%
ETAP 2 reakcja pomostowa
10%
produkty fazy jasnej siła asymilacyjna
10%
miejsce zachodzenia fazy ciemnej stroma chloroplastu
10%
miejsce zachodzenia fazyjasnej tylakoid gran
10%
miejsce zachodzenia wewnętrzna błona mitochondrium
10%
zysk 0 ATP
0%
zysk 0 ATP
0%
substraty acetyloCoA H2O NAD+FAD ADP GDP
0%
centrum reakcjifotochemicznej
0%
dehydrogenacja
0%
dekarboksylacja jabłczanu
0%
dwutlenek węgla
0%
co następuje na koniec fosforylacja oksydacyjna
0%
przed czym chroniakarotenoidy fotooksydacja
0%
dwie najważniejsze przemiany tam karboksylacja PEP
0%
jakie kompleksy występują kompleksy białkowe
0%
nadmiar swiatla
0%
atp do adp odtworzenie RuBP
0%
ps 1 karoten
0%
ps 2 ksantofil
0%
i co w niej zachodzi szlak C3
0%
ograniczenie transpiracjiprzez C4 skutkuje ... stężeniem CO2 zmniejszonym
0%
substrat zredukowaneprzenośniki
0%
produkty zredukowane przenośniki
0%
Nie znaleziono quizów pasujących do podanych kryteriów
Rozkład punktacji
Procent ludzi z każdym wynikiem
Percentyl według liczby udzielonych odpowiedzi
Twoja historia wyników
Nie rozwiązałeś tego quizu